| 000 | 00788nas a2200241 4500 | ||
|---|---|---|---|
| 001 | BR9208003 | ||
| 003 | BR-BrBNA | ||
| 005 | 20231205093052.0 | ||
| 007 | ta | ||
| 008 | 230509b bl.|||p| |||| 00| 00por d | ||
| 040 |
_aBR-BrBNA _bpor _cBiblioteca Nacional de Agricultura |
||
| 041 | _a(Pt) | ||
| 072 | _aH10 | ||
| 100 | 1 | _aDuarte, A.J.C. | |
| 100 | 1 | _aSakakibara, A.M. | |
| 245 | 1 | _aUm novo genero e tres especies novas de Membracidae (Homoptera)do Brasil | |
| 246 | 1 | _a[A new genus and three new species of Membracidae (Homoptera), from Brazil! | |
| 650 | _aHOMOPTERO | ||
| 650 | _aBIOLOGIA | ||
| 773 | 0 |
_tRevista Brasileira de Zoologia (Brazil) _xISSN 0101-8175 _g(Aug 1989), v. 6(2) p. 377-380 _wBR9208003 |
|
| 909 |
_a202311 _bLúcia _c55 _dLúcia Elande |
||
| 942 |
_2AGRIS _n0 _cANA |
||
| 999 |
_c136028 _d136028 |
||